01225nam a22002897a 45000010005000000030006000050050017000110080041000280200018000690400029000870500014001160820008001301000016001382450032001542600051001863000044002374900031002815050008003125200350003205210020006705210020006906500028007107000036007389420015007749990015007899520131008044857FISKH20241018094507.0241018b cb ||||| |||| 00| 0 eng d a9780194789165 aFISKHbengcFISKHdFISKH aPE1126.A4 a428 aVicary, Tim aPocahontas /cby Tim Vicary aNew York : bOxford University Press ;c1998 . a56 pages : billustrations ; c21 cm .  aOxford Bookworms vStage 1 aJ  aA beautiful young Indian girl, and a brave Englishman. Black eyes, and blue eyes. A friendly smile, a laugh, a look of love... But this is North America in 1607, and love is not easy. The girl is the daughter of King Powhatan, and the Englishman is a white man. This is the famous story of Pocahontas, and her love for the Englishman John Smith.8 a470 bLexile 8 aJ bRaz-Plus  aadventure vnon-fiction aSperling, Thomas eillustrator  2ddccBKn0 c4857d4857 00102ddc40708FICa001b001cTTP Dark Blued2024-10-18l0oVIC 428 PE1126.A4pFIS00313r2024-10-18 09:45:03w2024-10-18yBK